1615 1245 1219 1101 1953 1434 1116 1762 1767 1695 1296 1981 1413 1665 1427 1550 1541 1169 1946 1987 1912 1637 1530 1727 1833 1358 1649 1184 1613 1404 1196 1081 1749 1498 1521 1591 1906 1461 1627 1733 1610 1589 1429 1321 1622 1082 1678 1555 1414 1119 1538 1368 1939 1879 1016 1025 1702 1885 1388 1173 1930 1827 1419 1033 1435 1769 1863 1415 1965 1367 1905 1608 1007 1738 1697 1405 1166 1233 1614 1419 1419 1020 1323 1083 1730 1270 1844 1241 1369 1246 1891 1693 1884 1643 1193 1546 1249 1894 1002 BCNSPRNW ULIB Ver.6.0+V

เปลี่ยนเป็นภาษาไทย

Change to English
 แสดงรายละเอียดบรรณานุกรม
  กลับหน้าหลัก

Brief Record : Get Marc (ISO 2709) : E-mail record : QR code < ปิดหน้าต่าง
LEADER : 00000nam 2200000uu 4500
001    13399115072
003     ULIB
008    120709s2550||||th 000 0 tha d
020    ^a9789744723628
090    ^aนว.^bร930ฮ ล.1 2550
100 0  ^aโรว์ลิ่ง, เจ.เค.
245 00 ^aแฮร์รี่ พอตเตอร์ กับศิลาอาถรรพ์ เล่ม 1/^cโรว์ลิ่ง, เจ.เค.
250    ^aพิมพ์ครั้งที่ 27
260    ^aกรุงเทพฯ :^bนานมีบุ๊คส์,^c2550
300    ^a375 หน้า
710 1  ^aนานมีบุ๊คส์
945    ^p195^l0^i14049
995    ^aกัณชพร
999    ^aใช้งานได้ทุกระบบ
รายการนี้ยังไม่มีแท็ก
คุณยังไม่ได้ล็อกอิน คุณสามารถมีกิจกรรมร่วมกับเว็บไซต์ได้ แต่ต้องล็อกอินก่อน ::
  ล็อกอิน

รายการสื่อสารสนเทศ

ลำดับที่ ประเภท เลขเรียก/บาร์โค้ด สถานที่ สถานะ
1. วิทยาศาสตร์การแพทย์ และสุขภาพ
วิทยาศาสตร์การแพทย์ และสุขภาพ
นว. ร930ฮ ล.1 2550  
  Barcode: 14049
ห้องสมุดวิทยาเขตสวรรค์ประชารักษ์
►นวนิยาย
บนชั้น
  ขอยืม

รายการใกล้เคียง
    ผู้แต่ง [โรว์ลิ่ง, เจ.เค.]

BibComment


ยังไม่เคยถูกคอมเมนท์

คอมเมนท์ทรัพยากรรายการนี้
  คอมเมนท์: แฮร์รี่ พอตเตอร์..


 Copyright 2026. Bcnsprnw @Library